<?xml version="1.0" encoding="UTF-8"?>
<marc:record xmlns:marc="http://www.loc.gov/MARC21/slim">
   <marc:leader>00000nam a2200000 a 4500</marc:leader>
   <marc:datafield ind1="1" ind2=" " tag="100">
      <marc:subfield code="a">Adler-Olsen, Jussi</marc:subfield>
      <marc:subfield code="4">aut</marc:subfield>
      <marc:subfield code="e">Verfasser/-in</marc:subfield>
   </marc:datafield>
   <marc:datafield ind1=" " ind2=" " tag="653">
      <marc:subfield code="a">Mord</marc:subfield>
   </marc:datafield>
   <marc:datafield ind1=" " ind2=" " tag="653">
      <marc:subfield code="a">Thriller</marc:subfield>
   </marc:datafield>
   <marc:datafield ind1=" " ind2=" " tag="653">
      <marc:subfield code="a">Kopenhagen</marc:subfield>
   </marc:datafield>
   <marc:datafield ind1="0" ind2="0" tag="245">
      <marc:subfield code="a">Selfies</marc:subfield>
   </marc:datafield>
   <marc:datafield ind1="0" ind2="0" tag="245">
      <marc:subfield code="b">Thriller</marc:subfield>
   </marc:datafield>
   <marc:datafield ind1=" " ind2="1" tag="264">
      <marc:subfield code="b">dtv</marc:subfield>
      <marc:subfield code="c">2017</marc:subfield>
   </marc:datafield>
   <marc:datafield ind1="1" ind2=" " tag="490">
      <marc:subfield code="a">Carl Morck</marc:subfield>
   </marc:datafield>
   <marc:datafield ind1="1" ind2=" " tag="520">
      <marc:subfield code="a">Vizepolizeikommissar Carl Mørck wird zur Aufklärung eines brutalen Todesfalls von der Mordkommission in Kopenhagen hinzugezogen. Wie sich herausstellt, gibt es eine Verbindung zu einem mehrere Jahre zurückliegenden und ausgesprochen brisanten cold case, aus dem sich schwerwiegende Konsequenzen für die aktuellen Ermittlungen ergeben. Ausgerechnet jetzt geht es Carls Assistentin Rose sehr schlecht. Sie wird von grauenhaften Erinnerungen aus ihrer Vergangenheit heimgesucht. Rose kämpft mit aller Macht dagegen an – und gegen das Dunkel, in dem sie zu ertrinken droht. Welche Rolle spielen die jungen Frauen Michelle, Jasmin und Denise, die sich zu einem starken und hochexplosiven Kleeblatt verbündet haben?</marc:subfield>
   </marc:datafield>
   <marc:datafield ind1=" " ind2=" " tag="020">
      <marc:subfield code="a">9783423281072</marc:subfield>
      <marc:subfield code="9">9783423281072</marc:subfield>
   </marc:datafield>
</marc:record>
